फूल खिलाने वाला बुड्ढा व अन्य जापानी लोक कथाएँ / (Record no. 57499)
[ view plain ]
| 000 -LEADER | |
|---|---|
| fixed length control field | 04868nam a22003137a 4500 |
| 005 - DATE AND TIME OF LATEST TRANSACTION | |
| control field | 20111011105111.0 |
| 010 ## - LCCN (DPL NO) | |
| LC control number | B-444230-34 |
| 020 ## - INTERNATIONAL STANDARD BOOK NUMBER | |
| Terms of availability | 75.00 |
| International Standard Book Number | 9788184791709 |
| 035 ## - SYSTEM CONTROL NUMBER | |
| System control number | B-444230-34 |
| 037 ## - SOURCE OF ACQUISITION | |
| Source of stock number/acquisition | बल्यूबैरी बुक्स |
| 082 ## - DEWEY DECIMAL CLASSIFICATION NUMBER | |
| Classification number | क |
| 100 ## - MAIN ENTRY--PERSONAL NAME | |
| Personal name | |
| 245 ## - TITLE STATEMENT | |
| Title | फूल खिलाने वाला बुड्ढा व अन्य जापानी लोक कथाएँ / |
| Statement of responsibility, etc | हेमा पाण्डे द्वारा पुनर्कथित तथा अनुदित ; काइको त्सुजी द्वारा चित्रांकित |
| 246 ## - VARYING FORM OF TITLE | |
| Title proper/short title | |
| Remainder of title | |
| 260 ## - PUBLICATION, DISTRIBUTION, ETC. (IMPRINT) | |
| Place of publication, distribution, etc | नई दिल्ली |
| Name of publisher, distributor, etc | प्रथम बुक्स |
| Date of publication, distribution, etc | 2010 |
| 270 ## - ADDRESS | |
| Address | बी-3/4, प्रथम तल, सफदरज़ंग एन्क्लेव |
| City | नई दिल्ली |
| Postal code | 110 029 |
| Telephone number | 011-65684113 |
| Fax number | |
| Electronic mail address | www.prathambooks.org |
| 300 ## - PHYSICAL DESCRIPTION | |
| Extent | 56पृ.; |
| Dimensions | 23सेमी (अजिल्द) |
| Other physical details | सचित्र |
| 490 ## - SERIES STATEMENT | |
| Series statement | |
| -- | 37983 |
| 500 ## - GENERAL NOTE | |
| General note | |
| 700 ## - ADDED ENTRY--PERSONAL NAME | |
| Personal name | पाण्डे, हेमा के. विजया |
| 9 (RLIN) | 32269 |
| 700 ## - ADDED ENTRY--PERSONAL NAME | |
| Personal name | काइको त्सुजी |
| 9 (RLIN) | 35429 |
| 942 ## - ADDED ENTRY ELEMENTS (KOHA) | |
| Source of classification or shelving scheme | Dewey Decimal Classification |
| Item type | Children Books |
| Call number suffix | फूलखि |
| Classification part | क |
| Withdrawn status | Lost status | Not for loan | Collection code | Home library | Current library | Date acquired | Source of acquisition | Cost, normal purchase price | Full call number | Barcode | Copy number | Cost, replacement price | Koha item type |
|---|---|---|---|---|---|---|---|---|---|---|---|---|---|
| Fiction | Central Library | Central Library | 03/01/2012 | बल्यूबैरी/7040/29.9.11/83/21.3.11/10.10.11 | 75.00 | क फूलखि | B-444230 | 1 | 75.00 | Children Books | |||
| Written-off vide DLB M. No. 383 dt 16.05.19 | Fiction | Karol Bagh | Karol Bagh | 03/01/2012 | बल्यूबैरी/7040/29.9.11/83/21.3.11/10.10.11 | 75.00 | क फूलखि | B-444233 | 1 | 75.00 | Children Books | ||
| Fiction | Patel Nagar | Patel Nagar | 03/01/2012 | बल्यूबैरी/7040/29.9.11/83/21.3.11/10.10.11 | 75.00 | क फूलखि | B-444231 | 1 | 75.00 | Children Books | |||
| Fiction | Sarojini Nagar | Sarojini Nagar | 03/01/2012 | बल्यूबैरी/7040/29.9.11/83/21.3.11/10.10.11 | 75.00 | क फूलखि | B-444232 | 1 | 75.00 | Children Books | |||
| Written-off vide DLB M. No. 383 dt 16.05.19 | Fiction | Shahdara Branch | Shahdara Branch | 03/01/2012 | बल्यूबैरी/7040/29.9.11/83/21.3.11/10.10.11 | 75.00 | क फूलखि | B-444234 | 1 | 75.00 | Children Books |
